000 00587nam a22002297a 4500
003 UA-OsUOA
001 49015
007 ta
008 20070917b un ||||| |||| 00| 0 ukr d
100 _aДенисова Т.
090 _a82.09
_bД33
942 _cBK
040 _aUA-OsUOA
_brus
_cUA-OsUOA
_dUA-OsUOA
245 _aЭкзистенциализм и современный американский роман
300 _a243 с.
955 _a1
041 _arus
080 _a82.09
260 _aК.
_bНаукова думка
_c1985
650 7 _2UDC
999 _c335109
_d335109